书目信息 |
| 题名: |
国家可持续发展的图书情报事业战略
|
|
| 作者: | 胡昌平 著 | |
| 分册: | ||
| 出版信息: | 北京 北京图书馆出版社 2006.08 |
|
| 页数: | 411页 | |
| 开本: | 21cm | |
| 丛书名: | ||
| 单 册: | ||
| 中图分类: | G259.2 | |
| 科图分类: | ||
| 主题词: | 图书情报工作--tu shu qing bao gong zuo--可持续发展--研究--中国 | |
| 电子资源: | ||
| ISBN: | 7-5013-3012-3 | |
| 000 | 01137nam0 2200241 450 | |
| 001 | 012007378205 | |
| 005 | 20071008164825.18 | |
| 010 | @a7-5013-3012-3@dCNY30.00 | |
| 100 | @a20070803d2006 km y0chiy0120 ea | |
| 101 | 0 | @achi |
| 102 | @aCN@b110000 | |
| 105 | @ay a 000yy | |
| 200 | 1 | @a国家可持续发展的图书情报事业战略@Aguo jia ke chi xu fa zhan de tu shu qing bao shi ye zhan lue@f胡昌平等著@Fhu chang ping deng zhu |
| 210 | @a北京@c北京图书馆出版社@d2006.08 | |
| 215 | @a411页@d21cm | |
| 300 | @a国家社会科学基金重点项目“国家可持续发展中的图书情报事业战略研究”(02ATQ002)成果 | |
| 320 | @a有书目 (第404-411页)。 | |
| 330 | @a本书从国家可持续发展中的图书情报事业组织定位、战略理论与模型、发展环境、战略体系构建、技术推进、数字化资源建设、基于网络的数字图书业务拓展和面向用户的知识服务出发,研究了图书情报事业与信息产业的协调发展,以及基于组织创新的事业持续发展和战略的系统化实施,从而构建相当完整的图书情报事业战略管理理论与实践体系。 | |
| 606 | 0 | @a图书情报工作@Atu shu qing bao gong zuo@x可持续发展@x研究@y中国 |
| 690 | @aG259.2@v4 | |
| 701 | 0 | @a胡昌平@Ahu chang ping@4著 |
| 801 | 0 | @aCN@c20071008 |
| 905 | @dG259.2@eH454 | |
| 国家可持续发展的图书情报事业战略/胡昌平等著.-北京:北京图书馆出版社,2006.08 |
| 411页;21cm |
| 国家社会科学基金重点项目“国家可持续发展中的图书情报事业战略研究”(02ATQ002)成果 |
| ISBN 7-5013-3012-3:CNY30.00 |
| 本书从国家可持续发展中的图书情报事业组织定位、战略理论与模型、发展环境、战略体系构建、技术推进、数字化资源建设、基于网络的数字图书业务拓展和面向用户的知识服务出发,研究了图书情报事业与信息产业的协调发展,以及基于组织创新的事业持续发展和战略的系统化实施,从而构建相当完整的图书情报事业战略管理理论与实践体系。 |
| ● |
| 相关链接 |
|
|
|
正题名:国家可持续发展的图书情报事业战略
索取号:G259.2/H454
 
预约/预借
| 序号 | 登录号 | 条形码 | 馆藏地/架位号 | 状态 | 备注 |
| 1 | 251621 | 202516214 | 社科二线422/309社科库 87排4列6层/ [索取号:G259.2/H454] | 在馆 | |
| 2 | 251622 | 202516223 | 社科库409/409社科库 60排1列4层/ [索取号:G259.2/H454] | 在馆 |